Élet s halál

Elmentve itt :
Bibliográfiai részletek
Szerző: Bárány Gerő
Dokumentumtípus: Cikk
Megjelent: 1930
Sorozat:Széphalom 4
Kulcsszavak:Filozófia
Online Access:http://acta.bibl.u-szeged.hu/20457
LEADER 00519nab a2200169 i 4500
001 acta20457
005 20210722151321.0
008 161015s1930 hu o 0|| hun d
040 |a SZTE Egyetemi Kiadványok Repozitórium  |b hun 
041 |a hun 
100 1 |a Bárány Gerő 
245 1 0 |a Élet s halál  |h [elektronikus dokumentum] /  |c  Bárány Gerő 
260 |c 1930 
300 |a 4-14 
490 0 |a Széphalom  |v 4 
695 |a Filozófia 
856 4 0 |u http://acta.bibl.u-szeged.hu/20457/1/szephalom_004_004-014.pdf  |z Dokumentum-elérés